Гидрогазодинамика разделительных процессов: электронный курс

מידע ביבליוגרפי
מחבר ראשי: Видяев Д. Г. Дмитрий Геннадьевич
מחבר תאגידי: Национальный исследовательский Томский политехнический университет
מחברים אחרים: Побережников А. Д. Андрей Дмитриевич
סיכום:Заглавие с экрана
Результатом обучения по данной дисциплине являются следующие навыки и умения студента: Знать основные понятия гидрогазодинамики и прикладной гидравлики, использующиеся для описания движения потока жидкости и газа. Анализировать процессы, протекающие при движении жидкости и газа в трубах и разделительных колоннах. Оценивать гидравлические потери напора в сложных многокомпонентных трубопроводах и гидравлических системах. Рассчитывать и оптимизировать рабочие режимы разделительных противоточных двухфазных насадочных колонн. Создавать гидродинамические модели на основе критериев динамического подобия.
Доступ по логину и паролю
שפה:רוסית
יצא לאור: Томск, TPU Moodle, 2014
נושאים:
גישה מקוונת:https://design.lms.tpu.ru/course/view.php?id=25
פורמט: אלקטרוני ספר
KOHA link:https://koha.lib.tpu.ru/cgi-bin/koha/opac-detail.pl?biblionumber=651667

MARC

LEADER 00000nlm0a2200000 4500
001 651667
005 20250514093729.0
035 |a (RuTPU)RU\TPU\network\16916 
035 |a RU\TPU\network\16915 
090 |a 651667 
100 |a 20161118d2014 m y0rusy50 ca 
101 0 |a rus 
102 |a RU 
105 |a a j 000zy 
135 |a jrcn ---uucaa 
181 0 |a i  
182 0 |a b 
200 1 |a Гидрогазодинамика разделительных процессов  |e электронный курс  |f Д. Г. Видяев, А. Д. Побережников  |g Национальный исследовательский Томский политехнический университет (ТПУ), Физико-технический институт (ФТИ), Кафедра технической физики (№ 23) (ТФ) 
203 |a Текст  |c электронный 
210 |a Томск  |c TPU Moodle  |d 2014 
300 |a Заглавие с экрана 
330 |a Результатом обучения по данной дисциплине являются следующие навыки и умения студента: Знать основные понятия гидрогазодинамики и прикладной гидравлики, использующиеся для описания движения потока жидкости и газа. Анализировать процессы, протекающие при движении жидкости и газа в трубах и разделительных колоннах. Оценивать гидравлические потери напора в сложных многокомпонентных трубопроводах и гидравлических системах. Рассчитывать и оптимизировать рабочие режимы разделительных противоточных двухфазных насадочных колонн. Создавать гидродинамические модели на основе критериев динамического подобия. 
333 |a Доступ по логину и паролю 
606 1 |a Аэрогидродинамика  |2 stltpush  |3 (RuTPU)RU\TPU\subj\67371  |9 83197 
610 1 |a электронный ресурс 
610 1 |a труды учёных ТПУ 
610 1 |a электронное обучение 
610 1 |a электронные курсы ТПУ 
610 1 |a гидравлическое сопротивление 
610 1 |a вязкость 
610 1 |a критерий Рейнольдса 
610 1 |a число Маха 
610 1 |a напор 
610 1 |a гидравлический удар 
610 1 |a насадочные колонны 
610 1 |a двухфазовые потоки 
610 1 |a электронные учебные пособия 
610 1 |a учебные пособия 
675 |a 532.5(075.8)  |v 3 
700 1 |a Видяев  |b Д. Г.  |c физик  |c доцент Томского политехнического университета, доктор технических наук  |f 1973-  |g Дмитрий Геннадьевич  |3 (RuTPU)RU\TPU\pers\28271  |9 13215 
701 1 |a Побережников  |b А. Д.  |c физик  |c старший преподаватель Томского политехнического университета  |f 1981-  |g Андрей Дмитриевич  |3 (RuTPU)RU\TPU\pers\28048  |9 13011 
712 0 2 |a Национальный исследовательский Томский политехнический университет  |c (2009- )  |9 26305 
801 2 |a RU  |b 63413507  |c 20211029  |g RCR 
850 |a 63413507 
856 4 |u https://design.lms.tpu.ru/course/view.php?id=25 
942 |c CF